Statistics for NBA Basketball Analogies

Click here to take the quiz!

General Stats

  • This quiz has been taken 31,506 times
    (14,961 since last reset)
  • The average score is 14 of 20

Answer Stats

This is to this ...As …% Correct
Miami is to HeatToronto is to {Raptors}
97%
Curry is to ThompsonJordan is to {Pippen}
90%
100 is to Wilt81 is to {Kobe}
88%
Brow is to DavisBeard is to {Harden}
88%
Lonzo is to LaMeloPau is to {Marc}
80%
Magic Johnson is to
Los Angeles
Isiah Thomas is to
{Detroit}
79%
Dikembe is to Finger Wag{Kareem} is to Skyhook
79%
Parker is to FranceGinobili is to {Argentina}
76%
Vancouver is to Memphis{Seattle} is to Oklahoma City
75%
Worm is to Rodman{Mamba} is to Bryant
73%
Bobcats are to Hornets{Bullets} are to Wizards
70%
Hakeem is to Dream{Clyde} is to Glide
65%
Lakers are to ShowtimePistons are to {Bad} {Boys}
63%
Mureșan is to Tall{Bogues} is to Short
61%
Larry Johnson is to
Grandmama
Kyrie Irving is to
{Uncle} {Drew}
58%
Michael is to Space Jam{Shaquille} is to Kazaam
57%
Ballmer is to Clippers{Cuban} is to Mavericks
54%
Lebron James is to
Akron
{Larry} {Bird} is to
French Lick
46%
Lakers are to StaplesBulls are to {United}
42%
Sam Bowie is to
Michael Jordan
Darko Miličić is to
{Carmelo} {Anthony}
40%

Score Distribution

Percentile by Number Answered

Percent of People with Each Score

Your Score History

You have not taken this quiz since the last reset